[Event "Najdorf Memorial"]
[Site "Warsaw POL"]
[Date "2021.07.12"]
[Round "3.29"]
[White "Godzwon, Iwo"]
[Black "Kozlowski, Michal"]
[Result "1-0"]
[WhiteElo "2375"]
[BlackElo "2043"]
[EventDate "2021.07.10"]
[PlyCount "45"]
[LiveChessVersion "1.4.8"]

1.e4 c5 2.Nf3 Nc6 {[%clk 1:31:22]} 3.Nc3 {[%clk 1:31:22]} 3...e5 {[%clk
1:31:01]} 4.Bc4 {[%clk 1:31:23]} 4...d6 {[%clk 1:30:11]} 5.d3 {[%clk 1:27:18]}
5...Be7 {[%clk 1:30:03]} 6.h3 {[%clk 1:20:07]} 6...Nf6 {[%clk 1:29:20]} 7.Ng5
{[%clk 1:20:27]} 7...O-O {[%clk 1:29:40]} 8.f4 {[%clk 1:20:56]} 8...h6 {[%clk
1:22:35]} 9.O-O {[%clk 1:14:41]} 9...exf4 {[%clk 1:21:43]} 10.Nf3 {[%clk
1:14:50]} 10...g5 {[%clk 1:15:40]} 11.g3 {[%clk 0:49:05]} 11...Bxh3 {[%clk
1:01:21]} 12.gxf4 Bxf1 13.fxg5 {[%clk 0:48:19]} 13...Bh3 {[%clk 1:01:38]}
14.gxf6 {[%clk 0:48:41]} 14...Bxf6 {[%clk 1:02:03]} 15.Bxh6 {[%clk 0:43:33]}
15...Bg4 {[%clk 0:31:18]} 16.Qf1 {[%clk 0:27:23]} 16...Ne5 {[%clk 0:29:55]}
17.Nxe5 {[%clk 0:23:40]} 17...Bxe5 {[%clk 0:30:20]} 18.Bxf8 {[%clk 0:24:07]}
18...Bd4+ {[%clk 0:27:50]} 19.Kg2 {[%clk 0:24:26]} 19...Qg5 20.Qxf7+ {[%clk
0:21:40]} 20...Kh8 {[%clk 0:20:22]} 21.Bh6 {[%clk 0:20:50]} 21...Bf3+ {[%clk
0:18:01]} 22.Kxf3 {[%clk 0:21:15]} 22...Qxh6 {[%clk 0:18:22]} 23.Kg4 {[%clk
0:21:38]} 1-0

[Event "Najdorf Memorial"]
[Site "Warsaw POL"]
[Date "2021.07.12"]
[Round "3.30"]
[White "Piotrowski, Pawel"]
[Black "Kowalski, Igor"]
[Result "0-1"]
[WhiteElo "2027"]
[BlackElo "2349"]
[EventDate "2021.07.10"]
[PlyCount "58"]
[LiveChessVersion "1.4.8"]

1.d4 {[%clk 1:30:57]} 1...Nf6 {[%clk 1:30:56]} 2.c4 {[%clk 1:31:22]} 2...g6
{[%clk 1:31:03]} 3.g3 {[%clk 1:31:48]} 3...c6 {[%clk 1:31:30]} 4.Bg2 {[%clk
1:32:12]} 4...d5 {[%clk 1:31:56]} 5.cxd5 {[%clk 1:32:37]} 5...cxd5 {[%clk
1:32:23]} 6.Nc3 {[%clk 1:32:09]} 6...Nc6 {[%clk 1:31:44]} 7.Nf3 {[%clk 1:32:19]}
7...Bg7 {[%clk 1:32:08]} 8.O-O {[%clk 1:28:06]} 8...Ne4 {[%clk 1:28:29]} 9.Nxe4
{[%clk 1:19:05]} 9...dxe4 {[%clk 1:28:31]} 10.Ng5 {[%clk 1:17:49]} 10...Qxd4
{[%clk 1:21:49]} 11.Nxe4 {[%clk 1:16:32]} 11...O-O {[%clk 1:17:51]} 12.Qb3
{[%clk 1:01:10]} 12...Bf5 {[%clk 0:51:43]} 13.Rd1 {[%clk 0:50:47]} 13...Na5
{[%clk 0:49:16]} 14.Qc2 {[%clk 0:46:21]} 14...Rac8 {[%clk 0:44:07]} 15.Qd3
{[%clk 0:33:08]} 15...Qb6 {[%clk 0:29:35]} 16.Be3 {[%clk 0:33:28]} 16...Qxb2
{[%clk 0:29:30]} 17.Rab1 {[%clk 0:33:28]} 17...Qxa2 {[%clk 0:29:17]} 18.Bxa7
{[%clk 0:33:51]} 18...Nc6 {[%clk 0:21:07]} 19.Bc5 {[%clk 0:25:12]} 19...Rfd8
{[%clk 0:15:11]} 20.Qb5 {[%clk 0:25:34]} 20...Rxd1+ {[%clk 0:15:25]} 21.Rxd1
{[%clk 0:26:00]} 21...Qc2 {[%clk 0:15:48]} 22.Qb1 {[%clk 0:03:13]} 22...Bxe4
{[%clk 0:15:46]} 23.Bxe4 {[%clk 0:03:39]} 23...Qxc5 {[%clk 0:16:07]} 24.Qxb7
{[%clk 0:04:05]} 24...Nd4 {[%clk 0:14:52]} 25.e3 {[%clk 0:04:20]} 25...Ne2+
{[%clk 0:14:48]} 26.Kg2 {[%clk 0:04:17]} 26...Nc3 {[%clk 0:15:11]} 27.Rc1
{[%clk 0:04:12]} 27...Rd8 {[%clk 0:14:46]} 28.Bf3 {[%clk 0:03:35]} 28...h5
{[%clk 0:14:44]} 29.Rc2 {[%clk 0:03:55]} 29...Bf6 {[%clk 0:11:38]} 0-1

[Event "Najdorf Memorial"]
[Site "Warsaw POL"]
[Date "2021.07.12"]
[Round "3.31"]
[White "Goluch, Piotr"]
[Black "Majek, Kacper"]
[Result "1/2-1/2"]
[WhiteElo "2333"]
[BlackElo "2018"]
[EventDate "2021.07.10"]
[PlyCount "109"]
[LiveChessVersion "1.4.8"]

1.Nf3 {[%clk 1:30:45]} 1...d5 {[%clk 1:30:50]} 2.e3 {[%clk 1:31:08]} 2...Nf6
{[%clk 1:31:09]} 3.b3 {[%clk 1:31:34]} 3...e6 {[%clk 1:30:00]} 4.Bb2 {[%clk
1:31:57]} 4...Be7 {[%clk 1:29:06]} 5.d4 {[%clk 1:31:16]} 5...O-O {[%clk
1:26:33]} 6.Bd3 {[%clk 1:31:43]} 6...c5 {[%clk 1:26:13]} 7.O-O {[%clk 1:31:55]}
7...b6 {[%clk 1:24:26]} 8.Qe2 {[%clk 1:32:20]} 8...Bb7 {[%clk 1:22:21]} 9.Nbd2
{[%clk 1:32:44]} 9...Nc6 {[%clk 1:21:08]} 10.a3 {[%clk 1:33:07]} 10...Rc8
{[%clk 1:02:23]} 11.Rad1 {[%clk 1:29:33]} 11...Rc7 {[%clk 0:55:30]} 12.dxc5
{[%clk 1:25:14]} 12...bxc5 {[%clk 0:53:50]} 13.c4 {[%clk 1:23:48]} 13...Qa8
{[%clk 0:46:10]} 14.cxd5 {[%clk 1:21:23]} 14...exd5 {[%clk 0:46:31]} 15.Ng5
{[%clk 1:21:42]} 15...d4 {[%clk 0:42:23]} 16.Nc4 {[%clk 1:16:42]} 16...h6
{[%clk 0:41:47]} 17.Nf3 {[%clk 1:17:02]} 17...Re8 {[%clk 0:37:48]} 18.Nh4
{[%clk 1:09:22]} 18...Nd7 {[%clk 0:29:37]} 19.Nf5 {[%clk 1:07:43]} 19...Nce5
{[%clk 0:20:37]} 20.Nxe5 {[%clk 1:05:58]} 20...Nxe5 {[%clk 0:21:02]} 21.exd4
{[%clk 1:06:19]} 21...Nxd3 {[%clk 0:20:26]} 22.Qxd3 {[%clk 1:06:37]} 22...Bf6
{[%clk 0:16:25]} 23.Qg3 {[%clk 1:06:29]} 23...Rd7 {[%clk 0:15:38]} 24.Nxh6+
{[%clk 1:04:59]} 24...Kf8 {[%clk 0:15:59]} 25.Nf5 {[%clk 1:04:53]} 25...Rd5
{[%clk 0:15:28]} 26.Qh3 {[%clk 0:56:27]} 26...g6 {[%clk 0:12:27]} 27.Ng3 {[%clk
0:52:12]} 27...Kg7 {[%clk 0:12:17]} 28.Qg4 {[%clk 0:48:02]} 28...Rg5 {[%clk
0:12:06]} 29.Qf4 {[%clk 0:48:27]} 29...Bxg2 {[%clk 0:09:34]} 30.d5 {[%clk
0:44:58]} 30...Bxb2 {[%clk 0:09:57]} 31.Qxg5 {[%clk 0:45:18]} 31...Bxf1 {[%clk
0:09:50]} 32.Kxf1 {[%clk 0:45:12]} 32...Re5 {[%clk 0:09:42]} 33.Nh5+ {[%clk
0:38:16]} 33...Kh7 34.Nf6+ {[%clk 0:38:38]} 34...Kg7 {[%clk 0:09:01]} 35.Qd2
{[%clk 0:27:21]} 35...Qh8 {[%clk 0:05:20]} 36.Kg2 {[%clk 0:20:55]} 36...Bd4
{[%clk 0:04:17]} 37.Ng4 {[%clk 0:20:14]} 37...Rxd5 {[%clk 0:04:38]} 38.b4
{[%clk 0:17:03]} 38...Qh4 {[%clk 0:04:58]} 39.Qe2 {[%clk 0:10:33]} 39...f5
{[%clk 0:03:45]} 40.Ne3 {[%clk 0:39:36]} 40...Re5 {[%clk 0:32:47]} 41.bxc5
{[%clk 0:31:38]} 41...Bxc5 {[%clk 0:15:49]} 42.Rd7+ {[%clk 0:24:50]} 42...Kh6
{[%clk 0:15:30]} 43.Qf3 {[%clk 0:23:38]} 43...Qg5+ {[%clk 0:12:49]} 44.Qg3
{[%clk 0:20:33]} 44...Qxg3+ {[%clk 0:11:20]} 45.hxg3 {[%clk 0:20:59]} 45...Bxe3
{[%clk 0:09:12]} 46.fxe3 {[%clk 0:21:26]} 46...Ra5 {[%clk 0:09:37]} 47.Rd3
{[%clk 0:21:52]} 47...Kg5 {[%clk 0:09:52]} 48.Kf3 {[%clk 0:22:18]} 48...Ra4
{[%clk 0:08:43]} 49.Rc3 {[%clk 0:22:31]} 49...Kh6 {[%clk 0:08:15]} 50.Rb3
{[%clk 0:20:45]} 50...Kg7 {[%clk 0:07:04]} 51.Rc3 {[%clk 0:21:06]} 51...Kf6
{[%clk 0:05:46]} 52.Rc6+ {[%clk 0:21:26]} 52...Kg5 {[%clk 0:06:07]} 53.Rc3
{[%clk 0:21:51]} 53...Ra5 {[%clk 0:05:53]} 54.Rb3 {[%clk 0:21:50]} 54...Kf6
{[%clk 0:06:18]} 55.e4 {[%clk 0:21:51]} 1/2-1/2

[Event "Najdorf Memorial"]
[Site "Warsaw POL"]
[Date "2021.07.12"]
[Round "3.32"]
[White "Chrzaszcz, Malvina"]
[Black "Bus, Konrad"]
[Result "1/2-1/2"]
[WhiteElo "2015"]
[BlackElo "2266"]
[EventDate "2021.07.10"]
[PlyCount "76"]
[LiveChessVersion "1.4.8"]

1.d4 {[%clk 1:30:50]} 1...Nf6 {[%clk 1:30:27]} 2.Nf3 {[%clk 1:31:14]} 2...d5
{[%clk 1:30:05]} 3.Bf4 {[%clk 1:31:32]} 3...c5 {[%clk 1:29:15]} 4.e3 {[%clk
1:31:44]} 4...Nc6 {[%clk 1:28:18]} 5.c3 {[%clk 1:32:00]} 5...Qb6 {[%clk
1:26:13]} 6.Qb3 {[%clk 1:31:59]} 6...c4 {[%clk 1:24:24]} 7.Qc2 {[%clk 1:31:00]}
7...g6 {[%clk 1:19:56]} 8.h3 {[%clk 1:27:00]} 8...Bf5 {[%clk 1:19:11]} 9.Qc1
{[%clk 1:27:26]} 9...Bg7 {[%clk 1:16:40]} 10.Nbd2 {[%clk 1:27:47]} 10...O-O
{[%clk 1:13:13]} 11.Be2 {[%clk 1:25:02]} 11...Qd8 {[%clk 1:04:35]} 12.g4 {[%clk
1:17:26]} 12...Be4 {[%clk 0:55:36]} 13.g5 {[%clk 0:56:42]} 13...Bxf3 {[%clk
0:52:16]} 14.Nxf3 {[%clk 0:46:26]} 14...Ne4 {[%clk 0:50:37]} 15.h4 {[%clk
0:42:06]} 15...Re8 {[%clk 0:45:45]} 16.Qc2 {[%clk 0:36:57]} 16...b5 {[%clk
0:40:10]} 17.h5 {[%clk 0:22:02]} 17...Qd7 {[%clk 0:32:57]} 18.Bf1 {[%clk
0:14:56]} 18...e5 {[%clk 0:31:42]} 19.dxe5 {[%clk 0:15:01]} 19...Nxe5 {[%clk
0:31:22]} 20.Nxe5 {[%clk 0:05:48]} 20...Bxe5 {[%clk 0:30:27]} 21.Bxe5 {[%clk
0:05:51]} 21...Rxe5 {[%clk 0:30:55]} 22.f4 {[%clk 0:05:58]} 22...Re7 {[%clk
0:27:28]} 23.hxg6 {[%clk 0:03:05]} 23...fxg6 {[%clk 0:27:23]} 24.O-O-O {[%clk
0:02:02]} 24...Qc6 {[%clk 0:22:22]} 25.Bg2 {[%clk 0:02:21]} 25...b4 {[%clk
0:20:26]} 26.cxb4 {[%clk 0:02:17]} 26...a5 {[%clk 0:19:01]} 27.bxa5 {[%clk
0:02:27]} 27...Rxa5 {[%clk 0:18:26]} 28.Bxe4 {[%clk 0:02:08]} 28...Rxe4 {[%clk
0:18:17]} 29.Rxh7 {[%clk 0:01:36]} 29...Rxa2 {[%clk 0:17:41]} 30.Qh2 {[%clk
0:00:35]} 30...Ra1+ {[%clk 0:17:07]} 31.Kd2 {[%clk 0:01:02]} 31...Rxd1+ {[%clk
0:06:46]} 32.Kxd1 {[%clk 0:01:28]} 32...Qa4+ {[%clk 0:07:03]} 33.Kd2 {[%clk
0:00:46]} 33...c3+ {[%clk 0:04:35]} 34.bxc3 {[%clk 0:01:11]} 34...Qa2+ {[%clk
0:04:53]} 35.Kd3 {[%clk 0:00:51]} 35...Qb1+ {[%clk 0:04:08]} 36.Kd2 {[%clk
0:01:06]} 36...Qb2+ {[%clk 0:04:15]} 37.Kd3 {[%clk 0:01:27]} 37...Qb1+ {[%clk
0:04:15]} 38.Kd2 {[%clk 0:01:50]} 38...Qb2+ 1/2-1/2

[Event "Najdorf Memorial"]
[Site "Warsaw POL"]
[Date "2021.07.12"]
[Round "3.33"]
[White "Bednarczyk, Damian"]
[Black "Furtak, Joanna"]
[Result "1-0"]
[WhiteElo "2247"]
[BlackElo "1999"]
[EventDate "2021.07.10"]
[PlyCount "71"]
[BlackTitle "k++"]
[WhiteTitle "k++"]

1.d4 Nf6 2.c4 g6 3.Nc3 Bg7 4.e4 d6 5.f3 O-O 6.Bg5 c5 7.d5 h6 8.Be3 e6 9.Qd2
exd5 10.cxd5 Re8 11.Nge2 h5 12.Nf4 Nbd7 13.Nh3 Ne5 14.Nf2 a6 15.a4 Qa5 16.Ra3
Rb8 17.Be2 Qc7 18.h3 Ned7 19.O-O Nf8 20.Rb1 N6h7 21.b4 b6 22.b5 a5 23.g4 Qe7
24.Kg2 g5 25.gxh5 f5 26.f4 gxf4 27.Bxf4 fxe4 28.Ncxe4 Bf5 29.Re3 Bd4 30.Rg3+
Kh8 31.Bd3 Qf7 32.Nxd6 Qxd5+ 33.Kh2 Bxf2 34.Qxf2 Bxd3 35.Qb2+ Qd4 36.Nf7#
{White mates} 1-0

[Event "Najdorf Memorial"]
[Site "Warsaw POL"]
[Date "2021.07.12"]
[Round "3.34"]
[White "Celinski, Kamil"]
[Black "Redzisz, Michal"]
[Result "0-1"]
[WhiteElo "1988"]
[BlackElo "2246"]
[EventDate "2021.07.10"]
[PlyCount "56"]
[BlackTitle "FM"]
[WhiteTitle "I++"]

1.d4 Nf6 2.Bf4 g6 3.e3 Bg7 4.Nf3 O-O 5.h3 d6 6.Be2 Nc6 7.c3 Re8 8.O-O Bf5 9.Qb3
e5 10.dxe5 dxe5 11.Bh2 Rb8 12.Ng5 Qe7 13.Bc4 Rf8 14.Bb5 e4 15.f3 exf3 16.Nxf3
Qxe3+ 17.Kh1 Ne4 18.Bxc7 Ne5 19.Bxb8 Ng3+ 20.Kh2 Nxf1+ 21.Bxf1 Nxf3+ 22.gxf3
Rxb8 23.Qb5 Be5+ 24.Kh1 Qxf3+ 25.Kg1 Qg3+ 26.Bg2 Bxh3 27.Qe2 Qh2+ 28.Kf1 Qh1+ 0-1

[Event "Najdorf Memorial"]
[Site "Warsaw POL"]
[Date "2021.07.12"]
[Round "3.35"]
[White "Karwowski, Kacper"]
[Black "Kaminski, Jan"]
[Result "1-0"]
[WhiteElo "2243"]
[BlackElo "1978"]
[EventDate "2021.07.10"]
[PlyCount "105"]
[BlackTitle "I++"]
[WhiteTitle "CM"]

1.d4 Nf6 2.Nf3 d5 3.c4 c6 4.Nc3 a6 5.Bg5 Ne4 6.cxd5 cxd5 7.Qb3 Nxg5 8.Nxg5 e6
9.Nf3 Nc6 10.Rc1 Be7 11.e3 O-O 12.Bd3 Bd7 13.a3 h6 14.O-O Na5 15.Qc2 b5 16.Ne5
Nc4 17.Bxc4 bxc4 18.e4 Be8 19.exd5 exd5 20.Qf5 Rb8 21.Rc2 Bf6 22.Rd1 Rb6 23.Ng4
Bc6 24.Re2 Bg5 25.g3 Bd7 26.Qf3 Bxg4 27.Qxg4 Bf6 28.f4 Rd6 29.Qf3 Qd7 30.Rdd2
Rd8 31.h4 Qa7 32.Qf2 Qd7 33.f5 Re8 34.Rxe8+ Qxe8 35.Kg2 Qd8 36.Qf4 Rd7 37.Kh3
Re7 38.Qf3 Rd7 39.Ne2 Qa5 40.Qf4 Re7 41.Qb8+ Kh7 42.Nc3 Rd7 43.g4 Qd8 44.Qg3
Qb6 45.g5 Bd8 46.Qg4 Qd6 47.Re2 Bc7 48.Nxd5 Qg3+ 49.Qxg3 Bxg3 50.g6+ fxg6
51.Nb6 Rb7 52.Re6 gxf5 53.Kxg3 1-0

[Event "Najdorf Memorial"]
[Site "Warsaw POL"]
[Date "2021.07.12"]
[Round "3.36"]
[White "Kaliszuk, Kamil"]
[Black "Paprocki, Jaroslaw"]
[Result "0-1"]
[WhiteElo "1981"]
[BlackElo "2231"]
[EventDate "2021.07.10"]
[PlyCount "100"]
[BlackTitle "k++"]
[WhiteTitle "I+"]

1.e4 e5 2.Nf3 Nc6 3.Bb5 a6 4.Ba4 Nf6 5.O-O Be7 6.Re1 b5 7.Bb3 d6 8.c3 Na5 9.Bc2
c5 10.d4 Qc7 11.Nbd2 O-O 12.Nf1 cxd4 13.cxd4 Bg4 14.Ne3 Rfc8 15.d5 Bh5 16.Bd3
Nc4 17.Nf5 Bf8 18.b3 Nb6 19.Bg5 Nbd7 20.b4 h6 21.Bd2 Nb6 22.Qe2 Bg4 23.Ne3 Bd7
24.g3 g6 25.Kg2 Bg7 26.h3 Nh5 27.Ng1 Qd8 28.Rab1 Qe8 29.Qd1 Nc4 30.Be2 Nxd2
31.Qxd2 Nf6 32.Bd3 h5 33.Ne2 Bh6 34.Nc1 Rc7 35.Nb3 Qc8 36.Rh1 Kg7 37.Qe2 Ng8
38.Rbf1 Qe8 39.f4 f5 40.exf5 e4 41.f6+ Nxf6 42.Bc2 Rac8 43.Nd4 Kh8 44.Bb3 Rc3
45.Qd2 Rd3 46.Qf2 Rxd4 47.Qb2 Rd3 48.Ng4 Bxg4 49.hxg4 Rdc3 50.Rh3 e3 0-1

[Event "Najdorf Memorial"]
[Site "Warsaw POL"]
[Date "2021.07.12"]
[Round "3.37"]
[White "Janeczko, Jakub"]
[Black "Siekanski, Janusz"]
[Result "1/2-1/2"]
[WhiteElo "1976"]
[BlackElo "2212"]
[EventDate "2021.07.10"]
[PlyCount "103"]
[BlackTitle "k"]
[WhiteTitle "I++"]

1.e4 c5 2.Nf3 e6 3.g3 d5 4.exd5 exd5 5.d4 Nf6 6.Bg2 Be7 7.O-O O-O 8.dxc5 Bxc5
9.Nbd2 Nc6 10.Nb3 Bb6 11.c3 Bf5 12.Bg5 h6 13.Bxf6 Qxf6 14.Nbd4 Be4 15.Qd2 Rad8
16.Rad1 Rfe8 17.Rfe1 g5 18.h3 Kg7 19.Re2 Re7 20.Rde1 Rde8 21.Nxc6 bxc6 22.Nd4
c5 23.Nc2 Bxg2 24.Kxg2 Rxe2 25.Rxe2 Rxe2 26.Qxe2 Qe6 27.Qd3 c4 28.Qf3 f5 29.b3
cxb3 30.axb3 Qe4 31.Nb4 d4 32.c4 h5 33.g4 hxg4 34.hxg4 Qxg4+ 35.Qxg4 fxg4
36.Kg3 Kf6 37.Kxg4 Ke5 38.f3 a5 39.Nd3+ Kf6 40.Nf2 Bd8 41.Nd3 Ke6 42.Kg3 Kf5
43.Kf2 Ke6 44.Ke2 Kd6 45.Kd2 Be7 46.Kc2 Kc6 47.Nc1 Kc5 48.Nd3+ Kc6 49.Kd2 Kd6
50.Ke2 Ke6 51.Ne1 Ke5 52.Nd3+ 1/2-1/2

[Event "Najdorf Memorial"]
[Site "Warsaw POL"]
[Date "2021.07.12"]
[Round "3.38"]
[White "Kubicka, Anna"]
[Black "Syrkiewicz, Michal"]
[Result "1-0"]
[WhiteElo "2210"]
[BlackElo "1976"]
[EventDate "2021.07.10"]
[PlyCount "109"]
[BlackTitle "I+"]
[WhiteTitle "WIM"]

1.e4 c5 2.Nf3 e6 3.c4 Nc6 4.Nc3 Nge7 5.d4 cxd4 6.Nxd4 Nxd4 7.Qxd4 Nc6 8.Qe3 Be7
9.Be2 Nb4 10.Qd2 a6 11.O-O d6 12.b3 O-O 13.Ba3 d5 14.cxd5 Nxd5 15.Bxe7 Nxe7
16.Qe3 Bd7 17.Rfd1 Qc7 18.Rac1 Bc6 19.Bd3 Rfd8 20.Na4 b5 21.Nc5 e5 22.a4 Qb6
23.Qg5 Ng6 24.h4 h6 25.Qf5 Re8 26.g3 Rad8 27.axb5 axb5 28.b4 Rd4 29.Bb1 Rxb4
30.Ba2 Nh8 31.Rd6 Qc7 32.Rcd1 Rd4 33.R1xd4 exd4 34.Rxd4 Qe5 35.Qxe5 Rxe5
36.Rd8+ Kh7 37.Nd7 Bxd7 38.Rxd7 Ng6 39.Rxf7 Rxe4 40.Kg2 Ne5 41.Rb7 Rb4 42.h5
Rb2 43.Be6 Rb4 44.f4 Nc4 45.Bf5+ Kg8 46.Bg6 Kf8 47.Rf7+ Ke8 48.Rxg7+ Kd8 49.Rh7
Rb2+ 50.Kh3 b4 51.Rxh6 b3 52.Rh8+ Kc7 53.h6 Ne3 54.h7 Rc2 55.Rc8+ 1-0

[Event "Najdorf Memorial"]
[Site "Warsaw POL"]
[Date "2021.07.12"]
[Round "3.40"]
[White "Gorkiewicz, Mateusz"]
[Black "Klepek, Witold"]
[Result "1/2-1/2"]
[WhiteElo "1968"]
[BlackElo "2192"]
[EventDate "2021.07.10"]
[PlyCount "123"]
[BlackTitle "k++"]
[WhiteTitle "I++"]

1.e4 e6 2.d4 d5 3.Nc3 Bb4 4.e5 Qd7 5.f4 b6 6.Nf3 Ba6 7.Bxa6 Nxa6 8.Qd3 Nb8
9.O-O Bxc3 10.Qxc3 Ne7 11.Nh4 Nbc6 12.Be3 O-O-O 13.Qd3 Kb7 14.Bd2 Rdg8 15.b4 a6
16.b5 axb5 17.Qxb5 Nxe5 18.Qb3 Nc4 19.Bc3 Nc6 20.a4 N6a5 21.Qb1 g5 22.fxg5 Rxg5
23.Nf3 Rg7 24.Bxa5 Nxa5 25.Ne5 Qe7 26.Qb5 Rhg8 27.Rf2 Qh4 28.Qd3 Qe4 29.Qxe4
dxe4 30.g3 f5 31.d5 exd5 32.Rxf5 Rg5 33.Raf1 Nc6 34.Nxc6 Kxc6 35.Rf6+ Kc5
36.Kf2 Kd4 37.Ke2 Ra8 38.Rc6 Rxa4 39.c3+ Ke5 40.Rf7 d4 41.cxd4+ Kxd4 42.Rfxc7
Ra2+ 43.Rc2 Rxc2+ 44.Rxc2 Rc5 45.Rb2 b5 46.Rb4+ Rc4 47.Rxb5 Rc2+ 48.Ke1 Rxh2
49.Rb7 h5 50.Ra7 e3 51.Rd7+ Ke4 52.Re7+ Kf3 53.Rf7+ Kxg3 54.Re7 Kf3 55.Rf7+ Kg2
56.Rg7+ Kh1 57.Rg5 h4 58.Rg4 h3 59.Rg3 e2 60.Kd2 Rf2 61.Rxh3+ Kg2 62.Rh8 1/2-1/2

[Event "Najdorf Memorial"]
[Site "Warsaw POL"]
[Date "2021.07.13"]
[Round "4.1"]
[White "Lewtak, Damian"]
[Black "Donchenko, Alexander"]
[Result "0-1"]
[WhiteElo "2380"]
[BlackElo "2652"]
[EventDate "2021.07.10"]
[PlyCount "90"]
[LiveChessVersion "1.4.8"]

1.d4 {[%clk 1:30:59]} 1...Nf6 {[%clk 1:30:49]} 2.c3 {[%clk 1:31:24]} 2...g6
{[%clk 1:30:28]} 3.Bf4 {[%clk 1:31:40]} 3...Bg7 {[%clk 1:30:45]} 4.h3 {[%clk
1:32:03]} 4...O-O {[%clk 1:30:35]} 5.e3 {[%clk 1:32:29]} 5...d6 {[%clk 1:28:06]}
6.Bh2 {[%clk 1:31:53]} 6...Nfd7 {[%clk 1:22:10]} 7.Nf3 {[%clk 1:31:38]} 7...e5
{[%clk 1:22:34]} 8.dxe5 {[%clk 1:31:07]} 8...dxe5 {[%clk 1:22:13]} 9.e4 {[%clk
1:31:33]} 9...Qe7 {[%clk 1:20:09]} 10.Bc4 {[%clk 1:31:09]} 10...Rd8 {[%clk
1:16:08]} 11.Nbd2 {[%clk 1:30:47]} 11...Nb6 {[%clk 1:07:23]} 12.Bb3 {[%clk
1:30:52]} 12...Na6 {[%clk 1:05:15]} 13.O-O {[%clk 1:27:39]} 13...Nc5 {[%clk
1:05:05]} 14.Qe2 {[%clk 1:25:23]} 14...Nxb3 {[%clk 1:03:34]} 15.axb3 {[%clk
1:25:43]} 15...f6 {[%clk 1:03:16]} 16.Rfd1 {[%clk 1:25:33]} 16...Be6 {[%clk
0:53:02]} 17.Ne1 {[%clk 1:25:09]} 17...Bh6 {[%clk 0:51:13]} 18.Nc4 {[%clk
1:24:03]} 18...Rxd1 {[%clk 0:48:15]} 19.Rxd1 {[%clk 1:24:27]} 19...Qf7 {[%clk
0:47:41]} 20.Nxb6 {[%clk 1:17:11]} 20...axb6 {[%clk 0:48:00]} 21.b4 {[%clk
1:17:33]} 21...Bc4 {[%clk 0:43:09]} 22.Qg4 {[%clk 1:15:09]} 22...Bb3 {[%clk
0:40:36]} 23.Rb1 {[%clk 1:14:23]} 23...Rd8 {[%clk 0:38:04]} 24.f4 {[%clk
1:10:36]} 24...Qc4 {[%clk 0:33:50]} 25.Nf3 {[%clk 1:08:35]} 25...Bxf4 {[%clk
0:21:44]} 26.Bxf4 {[%clk 1:08:56]} 26...Qxe4 {[%clk 0:22:07]} 27.Nd2 {[%clk
1:09:06]} 27...Rxd2 {[%clk 0:21:39]} 28.Qc8+ {[%clk 1:09:29]} 28...Kg7 {[%clk
0:21:49]} 29.Qxc7+ {[%clk 1:09:49]} 29...Bf7 {[%clk 0:22:11]} 30.Bxd2 {[%clk
1:10:11]} 30...Qxb1+ {[%clk 0:22:36]} 31.Kh2 {[%clk 1:10:37]} 31...Qxb2 {[%clk
0:19:39]} 32.Be3 {[%clk 1:10:48]} 32...b5 {[%clk 0:18:47]} 33.h4 {[%clk
1:07:56]} 33...Qe2 {[%clk 0:16:42]} 34.Bc5 {[%clk 1:08:09]} 34...Qe4 {[%clk
0:09:56]} 35.g3 {[%clk 1:08:05]} 35...h6 {[%clk 0:09:51]} 36.Qd8 {[%clk
1:07:30]} 36...Qe2+ {[%clk 0:09:41]} 37.Kg1 {[%clk 1:07:12]} 37...Qe1+ {[%clk
0:09:41]} 38.Kg2 {[%clk 1:06:58]} 38...Qe2+ {[%clk 0:10:06]} 39.Kg1 {[%clk
1:07:24]} 39...g5 {[%clk 0:10:25]} 40.Bf8+ {[%clk 1:31:46]} 40...Kg6 {[%clk
0:40:42]} 41.h5+ {[%clk 1:32:11]} 41...Kf5 {[%clk 0:28:57]} 42.Bxh6 {[%clk
1:30:11]} 42...Qe1+ {[%clk 0:26:48]} 43.Kg2 {[%clk 1:29:49]} 43...Kg4 {[%clk
0:26:34]} 44.Qd3 {[%clk 1:22:43]} 44...Bd5+ {[%clk 0:26:43]} 45.Qxd5 {[%clk
1:23:02]} 45...Qe2+ {[%clk 0:27:08]} 0-1

[Event "Najdorf Memorial"]
[Site "Warsaw POL"]
[Date "2021.07.13"]
[Round "4.2"]
[White "Niedbala, Bartlomiej"]
[Black "Dragun, Kamil"]
[Result "0-1"]
[WhiteElo "2360"]
[BlackElo "2557"]
[EventDate "2021.07.10"]
[PlyCount "42"]
[LiveChessVersion "1.4.8"]

1.d4 {[%clk 1:30:56]} 1...Nf6 {[%clk 1:27:56]} 2.c4 {[%clk 1:31:16]} 2...e6
{[%clk 1:28:12]} 3.Nf3 {[%clk 1:31:39]} 3...c5 {[%clk 1:28:25]} 4.d5 {[%clk
1:31:11]} 4...b5 {[%clk 1:28:20]} 5.dxe6 {[%clk 1:30:13]} 5...fxe6 {[%clk
1:28:39]} 6.cxb5 {[%clk 1:30:33]} 6...d5 {[%clk 1:28:57]} 7.g3 {[%clk 1:30:27]}
7...a6 {[%clk 1:29:09]} 8.bxa6 {[%clk 1:30:19]} 8...Nc6 {[%clk 1:29:26]} 9.Bg2
{[%clk 1:17:59]} 9...Be7 {[%clk 1:29:29]} 10.O-O {[%clk 1:13:26]} 10...O-O
{[%clk 1:29:49]} 11.Nc3 {[%clk 1:09:08]} 11...Bxa6 {[%clk 1:29:02]} 12.Re1
{[%clk 1:08:28]} 12...h6 {[%clk 1:28:52]} 13.b3 {[%clk 0:51:12]} 13...Qe8
{[%clk 1:28:57]} 14.e4 {[%clk 0:47:08]} 14...dxe4 {[%clk 0:52:51]} 15.Nd2
{[%clk 0:40:27]} 15...Rd8 {[%clk 0:52:07]} 16.Ncxe4 {[%clk 0:38:38]} 16...Nxe4
{[%clk 0:50:49]} 17.Bxe4 {[%clk 0:38:57]} 17...Bf6 {[%clk 0:50:29]} 18.Rb1
{[%clk 0:37:56]} 18...Bd4 {[%clk 0:50:29]} 19.Nf3 {[%clk 0:23:03]} 19...Bxf2+
{[%clk 0:49:43]} 20.Kxf2 {[%clk 0:23:31]} 20...Rxd1 {[%clk 0:50:06]} 21.Rxd1
{[%clk 0:23:57]} 21...Nd4 {[%clk 0:48:34]} 0-1